| 000 | 01632nam a2200265 a 4500 | ||
|---|---|---|---|
| 001 | 84441 | ||
| 003 | BD-RjUL | ||
| 005 | 20241204140830.0 | ||
| 008 | 241204s2022 bg a|||| m||| 00| 0 ben d | ||
| 035 | _a(BD-RjUL)84441 | ||
| 040 |
_aBD-RjUL _bben/eng _cBD-RjUL _dBD-RjUL |
||
| 041 | _aben | ||
| 082 |
_a954.9205092 _223 _bRAV 2022 |
||
| 100 |
_aরানা, সোহেল _914572 |
||
| 245 | 1 | 0 |
_aভারতবর্ষের স্বাধীনতা অর্জন ১৯৪৭ : _bব্রিটিশ কৌশল / _cগবেষক সোহেল রানা ; _6গবেষণা তত্ত্বাবধায়ক : মো. মাহফুজুর রহমান |
| 246 |
_aIndependence of India 1947: _bBritish strategy / |
||
| 260 |
_aরাজশাহী : _bইসলামের ইতিহাস ও সংস্কৃতি বিভাগ, রাজশাহী বিশ্ববিদ্যালয়, _c২০২২ |
||
| 300 |
_axvii, ২২৬ পাতা : _bচিত্র ; _c২৯ সেমি. |
||
| 502 | _aথিসিস (এম. ফিল.) -- ইসলামের ইতিহাস ও সংস্কৃতি বিভাগ, রাজশাহী বিশ্ববিদ্যালয়, ২০২২ | ||
| 504 | _aগ্রন্থপঞ্জি : পাতা [২১৫]-২২৬ | ||
| 650 |
_aইতিহাস _vইতিহাস ও সমালোচনা |
||
| 650 |
_aHistory _vHistory and Criticism |
||
| 700 |
_aরহমান, মো. মাহফুজুর, গবেষণা তত্ত্বাবধায়ক _95605 |
||
| 942 |
_2ddc _cTHE |
||
| 999 |
_c84441 _d84441 |
||